Христоматия по българска фолклористика (Запис номер 182465)
[ съкратено ]
| 000 -Лидер | |
|---|---|
| Контролно поле с фиксирана дължина | 01616nam a2200349 c 4500 |
| 003 - Код на организацията, давaща контролен номер | |
| Контролно поле | BLK |
| 005 - Дата и час на последна редакция | |
| Контролно поле | 20240321153212.0 |
| 008 - Елементи от данни с фиксирана дължина | |
| fixed length control field | 180411b bul|||||r ||||||| ||bul|| |
| 010 ## - Наследен системен номер | |
| LC control number | KNG00191390000 |
| 040 ## - Източник на каталожния запис | |
| Идентификатор на билиотеката - собственик на записа | BLK |
| 041 ## - Код за език | |
| Код за езика на текст/звукозапис или на отделно заглавие | Български |
| Код за езика КДБФ | Български |
| 080 ## - УДК | |
| Текстов определител УДК | Фолклор (в тесен смисъл) |
| УДК код - определител по УДК | 398 |
| УДК определител | (082)(075.8) |
| УДК - код + определител | 398(082)(075.8) |
| 139 ## - Редно поле | |
| Редна дума | Данчев, Георги и др. |
| Авторски знак | Данч - Д 22 |
| 245 10 - Сведения за заглавието | |
| Заглавие | Христоматия по българска фолклористика |
| Подзаглавни данни | За студентите от ВУЗ |
| Редно поле (дума) | състав. Георги Данчев; състав. Анчо Калоянов. |
| 257 ## - Страна на издаване | |
| Страна на създаване/издаване | България |
| 260 ## - Област на издателските данни | |
| -- | София |
| Име на издателя, разпространителя и проч. | Наука и изкуство |
| Година на издаване | 1977 |
| Печатница | Плевен : Ал. Пъшев |
| 300 ## - Физическа характеристика | |
| Страници | 244 с. |
| Размери/Мащаб | 22 см |
| 380 ## - Жанр | |
| Жанр | Обществени науки |
| 500 ## - Общи забележки | |
| Забележка | Състав. не са отбелязани на кор.- Библиогр. под линия |
| 650 #4 - Допълнително описание по предмет – тема | |
| Основно описание – тема или топоним | Фолклористика, българска |
| 9 (RLIN) | 251733 |
| 653 ## - Ключова дума – ненормативна | |
| Ключова дума | фолклористика |
| 653 ## - Ключова дума – ненормативна | |
| Ключова дума | христоматии |
| 653 ## - Ключова дума – ненормативна | |
| Ключова дума | учебници за ВУЗ |
| 700 1# - Други автори (авторска отговорност) | |
| Лично име | Данчев, Георги |
| Автороска отговорност (Описва отношението между автора и произведението) | състав. |
| Друга информация | Савов, Георги Данчев |
| 9 (RLIN) | 365128 |
| 700 ## - Други автори (авторска отговорност) | |
| Лично име | Калоянов, Анчо |
| Друга информация | Анчев, Анчо Йорданов Писател, фолклорист, професор във ВТУ "Кирил и Методии" |
| Дати, свързани с автора | 1943 - |
| 9 (RLIN) | 363964 |
| 852 ## - Местоположение | |
| Форматна сигнатура | Цб 86397 |
| 856 4# - Електронен адрес и достъп | |
| Електронен формат | pdf - файл |
| Път до файла /url/ | |
| 856 4# - Електронен адрес и достъп | |
| Електронен формат | pdf - файл |
| Път до файла /url/ | |
| 942 ## - АРТИКУЛИ | |
| Вид на библиотечния материал | Книги |
| Скрит в OPAC | Не |
| Koha issues (borrowed), all copies | 1 |
| 944 ## - СЪЗДАВАНЕ И РЕДАКЦИЯ на ЗАПИСА | |
| Създаване/Редакция | Създаване |
| Дата на регистрацията/редакция | 04.10.2016 |
| Служител, извършил регистрацията/редакцията | 30535 |
| Статус, дата на статуса | Христина Везирева |
| 944 ## - СЪЗДАВАНЕ И РЕДАКЦИЯ на ЗАПИСА | |
| Създаване/Редакция | Редакция |
| Дата на регистрацията/редакция | 04.10.2016 |
| Служител, извършил регистрацията/редакцията | Христина_Везирева |
| 999 ## - СИСТЕМНИ КОНТРОЛНИ НОМЕРА | |
| Koha biblionumber | 182465 |
| Koha biblioitemnumber | 182465 |
| Код за отписване | Код за изгубен артикул | Източник на класификационната схема | Код за повреда | Коз за рестрикции | Код за отдаване | Артикулен № | Име на библиотеката - собственик | Име на библиотеката, в която се намира в момента | Статус (Текущо местоположение) | Дата на вписване в системата | Местоположение - отдел | Цена в лева | Инвентарен номер | Систематично азбучна сигнатура | Баркод | Номер на екземпляра | Цена в евро | Служебна бележка | Служебен тип на артикула |
|---|---|---|---|---|---|---|---|---|---|---|---|---|---|---|---|---|---|---|---|
| Не е изгубен | Universal Decimal Classification | Не е повреден | само за читалня | ползва се в читалня | 313390 | Регионална библиотека "Любен Каравелов" Русе | Регионална библиотека "Любен Каравелов" Русе | Хранилище | 1977-01-01 | Хранилище | 0.75 | 229258 | Цб 86397 | 120000229258 | 1 | 0.38 | Вид: Сф N: стар фонд Дата: 01.01.1977 | Книги | |
| Изтеглен | Не е изгубен | Universal Decimal Classification | Не е повреден | без рестрикции | заемане за дома | 313391 | Регионална библиотека "Любен Каравелов" Русе | Регионална библиотека "Любен Каравелов" Русе | Заемна - подръчен фонд | 1977-01-01 | Заемна - подръчен фонд | 0.75 | 230141 | П 398/Д 22 | 230141 | 2 | 0.38 | Вид: Сф N: стар фонд Дата: 01.01.1977 | Книги |
| Изтеглен | Не е изгубен | Universal Decimal Classification | Не е повреден | без рестрикции | заемане за дома | 313392 | Регионална библиотека "Любен Каравелов" Русе | Регионална библиотека "Любен Каравелов" Русе | Заемна - подръчен фонд | 1977-01-01 | Заемна - подръчен фонд | 0.75 | 230145 | П 398/Д 22 | 230145 | 3 | 0.38 | Вид: Сф N: стар фонд Дата: 01.01.1977 Дата инв: 08.02.2018 Бележки инв: П2018 | Книги |